| 000 | 00705cam a22002292 4500 | ||
|---|---|---|---|
| 001 | 0000019792 | ||
| 005 | 20151217152201.0 | ||
| 008 | 110209s xx 000 0 eng d | ||
| 020 | _a0470170885 : | ||
| 040 |
_aKABU _cKABU |
||
| 100 | 1 |
_aDilley, Deborah K. _@0000179763 |
|
| 245 | 1 | 0 |
_aEssentials of banking / _cDeborah K. Dilley. |
| 250 | _a1st ed. | ||
| 260 |
_aNew Jersey : _bJohn wiley & sons, _c2008. |
||
| 300 | _axiv, 273 p. | ||
| 650 | 0 |
_aBanks and banking _zUnited States. _@0000152466 |
|
| 650 | 0 |
_aBanking law _zUnited States. _@0000179764 |
|
| 700 | 1 |
_aDilley, Deborah K. _@0000179763 |
|
| 852 | 1 | _9p3596 KES | |
| 908 | _a110209 | ||
| 950 | _@1 | ||
| 999 |
_c9075 _d9075 |
||